Reproducing occupational inequality: motherhood and occupational segregation/
Kaydedildi:
| Yazar: | |
|---|---|
| Diğer Yazarlar: | |
| Materyal Türü: | Kitap |
| Dil: | English |
| Etiketler: |
Etiketle
Etiket eklenmemiş, İlk siz ekleyin!
|
MARC
| LEADER | 00000nam a22000007a 4500 | ||
|---|---|---|---|
| 003 | cru CIDCACS/IIS | ||
| 005 | 20180119131859.0 | ||
| 007 | ta | ||
| 008 | 180119|2016 -uk|||p|r||||||0| |0eng | | ||
| 999 | |c 40846 |d 40846 | ||
| 040 | |c cru CIDCACS/IIS | ||
| 100 | 1 | |9 6434 |a Hook, Jennifer L. | |
| 245 | 1 | |a Reproducing occupational inequality: |b motherhood and occupational segregation/ |c Jennifer L. Hook, Bechy Pettit | |
| 300 | |a páginas 329-362: |b tablas | ||
| 700 | 1 | |9 6435 |a Pettit, Bechy | |
| 773 | 0 | |0 40836 |9 1746 |d Reino Unido : Oxford University Press |o 18420 |t Social Politics: |x 10724745 | |
| 942 | |2 ddc |c PP | ||
